000 00401 a2200121 4500
001 ART_9274
005 20260410161846.0
008 260409a
245 1 0 _aLas relaciones comerciales entre la Europa Occidental y la América Latina
100 1 _aFurtado, Celso
700 1 _aMastrangelo, Stella
773 0 _tEl trimestre económico
_g- Vol. L, Nº 199 (jul./set. 1983)
_wREV6933
999 _c24533
_d24533